000 00370 a2200145 4500
999 _c8558
_d8558
020 _a0907985467
050 _aPL8745CHA1988
100 _aChauke S.P
_eauthor
245 _aTinhlolo ti hlolela vinyi /
_cS.P Chauke
264 _aBraamfontein:
_bSasavona publishers,
_c1988
300 _a172p. :
500 _ano index
650 _avenda
942 _2lcc
_cBK
_h8745
_iCHA
_kPL